Inovácie v dimenziách Európskej únie
Vlnový charakter samoregulačných inovačných pohybov. Mechanizmus šírenia inovácií. Analýzy v operačnom priestore výskumu a vývoja. Kvalita a imidž akademického prostredia vo svete. Porovnanie slovenských ekonomických inštitúcií so svetom. Celonárodná koncepcia inovácií. Princípy uplatňovania moderne...
Salvato in:
| Autore principale: | |
|---|---|
| Natura: | Capitolo di libro |
| Lingua: | slovacco |
| Soggetti: | |
| Tags: |
Nessun Tag, puoi essere il primo ad aggiungerne!!
|
MARC
| LEADER | 00000naa$a2200000$$$4500 | ||
|---|---|---|---|
| 001 | 0041936 | ||
| 005 | 20231108132544.8 | ||
| 041 | 0 | |a slo | |
| 044 | |a SK | ||
| 245 | 1 | 0 | |a Inovácie v dimenziách Európskej únie |c Miroslav Tuma |
| 520 | |a Vlnový charakter samoregulačných inovačných pohybov. Mechanizmus šírenia inovácií. Analýzy v operačnom priestore výskumu a vývoja. Kvalita a imidž akademického prostredia vo svete. Porovnanie slovenských ekonomických inštitúcií so svetom. Celonárodná koncepcia inovácií. Princípy uplatňovania modernej Lisabonskej stratégie rozvoja inovácií. Predstavy, legislatívne nástroje a možnosti financovania výskumu a vývoja v štátoch EÚ. Indikačné a kontrolné mechanizmy sledovania stavu výskumu, vývoja a inovácií podľa metodiky EK. | ||
| 610 | 2 | 0 | |a inovácia |
| 610 | 2 | 0 | |a Európska únia |
| 610 | 2 | 0 | |a Slovensko |
| 610 | 2 | 0 | |a legislatíva |
| 610 | 2 | 0 | |a teórie ekonomické |
| 610 | 2 | 0 | |a história |
| 610 | 2 | 0 | |a výskum operačný |
| 610 | 2 | 0 | |a vývoj |
| 610 | 2 | 0 | |a výchova |
| 610 | 2 | 0 | |a veda |
| 610 | 2 | 0 | |a imidž |
| 610 | 2 | 0 | |a pomoc štátna |
| 610 | 2 | 0 | |a financovanie |
| 100 | 1 | |a Tuma, Miroslav | |